| 000 | 00627nam a2200205Ia 4500 | ||
|---|---|---|---|
| 005 | 20260601193252.0 | ||
| 008 | 260601s9999||||xx |||||||||||||| ||und|| | ||
| 020 |
_a978-981-97-3316-3 _qebk |
||
| 100 | _aRonghuai Huang | ||
| 245 | 2 | _aA Collection of AI Innovations by Chinese Teenagers | |
| 250 | _a2024 | ||
| 260 |
_aHeidelberg, Germany _bSpringer Nature _c2024 |
||
| 440 | _aSmart Computing and Intelligence | ||
| 650 | _aComputer Science | ||
| 700 | _aDejian Liu | ||
| 700 | _aJinbao Zhang | ||
| 700 | _aYanyan Li | ||
| 856 | _uhttps://link.springer.com/openurl?genre=book&isbn=978-981-97-3316-3 | ||
| 942 |
_cEB _2ddc |
||
| 999 |
_c56766 _d56766 |
||